| 000 | 00477nam a2200157 a 4500 | ||
|---|---|---|---|
| 001 | 000036798 | ||
| 005 | 20200930075937.0 | ||
| 008 | 120201s19uu dr a 000 0 spa d | ||
| 040 |
_aDO-SdBNP _bspa _cBNPHU |
||
| 082 |
_axxx _bC352 |
||
| 100 | 1 |
_aCastillo, Luis C. del, _955305 |
|
| 245 | 1 | 0 |
_aProlegomenos de enseñanza civica / _cLuis C. del Castillo. |
| 250 | _a2a ed. | ||
| 260 |
_aSanto Domingo : _bImp. de J. R. Vda. García, _c[s. f.]. |
||
| 300 |
_a263 p. : _bil. ; _c18 cm. |
||
| 999 |
_c36289 _d36289 |
||